000 00792nam a2200289Ia 4500
005 20260324112722.0
008 008 260324s9999 xx 000 0 eng d
020 _a9781003475286
037 _aEBOOK
040 _aCRL
040 _beng
040 _cCRL
041 _2eng
041 _aeng
084 _qCRL
100 _aMohammad Hammoudeh; Abdullah T. Alessa; Amro M. Sherbeeni; Clinton M. Firth; Abdullah S. Alessa
_91143864
245 0 _aQuantum Computing
245 2 _bA Journey into the Next Frontier of Information and Communication Security
260 _bTaylor and Francis
260 _c2024
365 _a
365 _b355
856 _uhttp://www.taylorfrancis.com/books/9781003475286
942 _cEBOOK
999 _c1733177
_d1733177